Arena y espuma : aforismos /

保存先:
書誌詳細
第一著者: Gibran, Kahlil (autor)
フォーマット: 図書
言語:スペイン語
出版事項: México : Orión, 1976, c1976
版:2a edición
主題:
タグ: タグ追加
タグなし, このレコードへの初めてのタグを付けませんか!

MARC

LEADER 00000nam^a2200000^a^4500
001 000316344
005 20250521000000.0
009 20260310113311.923
037 |a Acervo ITESO - Biblioteca 
041 |a ESP 
082 |a 892. 7  |b GIB 
100 |a Gibran, Kahlil  |e (autor) 
245 1 0 |a Arena y espuma :  |b aforismos /  |c K. Gibran ; pról. y tr. por Sergio René Madero. 
250 |a 2a edición 
264 4 |a México :  |b Orión,  |c 1976, c1976 
300 |a 85 p. 
336 |a texto  |b txt  |2 rdacontenido 
337 |a sin mediación  |b n  |2 rdamedio 
338 |a volumen  |b nc  |2 rdasoporte 
545 0 |a El poeta Khalil Gibran (1883-1931), nació en Becharré, Líbano y emigró a Estados Unidos, poco después de concluir sus estudios universitarios y exponer su obra pictórica en París. Se le considera un escritor místico, en cuyas obras busca el sentido existencial de la vida del ser humano. Entre sus obras destacan: El profeta (1923), ilustrada por él mismo, cuyo original proviene de una obra en árabe mencionada por Kahlil como My Island Man realizada por 1918; le siguen El precursor (1920); Jesús, el hijo del hombre (1928); El Maestro; El loco; Ninfas del valle (1948) y La voz del Maestro (1959), entre otras. 
649 |a XX 
650 |a Prosa Poética Libanesa 
650 |a Aforismos Libaneses 
650 |a Literatura Libanesa -  |y Siglo XX 
910 |a Fondo General 
920 |a Impresos - Libros 
930 |a Colección General 
940 |a Literatura 
905 |a 101 
901 |a 0500203321  |b IT1  |c LIT  |u 20250521 
902 |a https://opac.biblio.iteso.mx/vufind/Record/000316344